000 00639nam a22002297a 4500
001 64386
003 UA-OsUOA
005 20211105185645.0
007 ta
008 20091104b un ||||| |||| 00| 0 ukr d
040 _aUA-OsUOA
_brus
_cUA-OsUOA
_dUA-OsUOA
041 _arus
080 _a94(470+571)
090 _a94(470+571)
_bП27
100 _aПересветов Р.
245 _aПоиски бесценного наследия
_b(О судьбе некоторых рукописей В. И. Ленина)
260 _aМ.
_c1963
300 _a319 с.
650 7 _a94 Історія
_2UDC
942 _cBK
_2udc
955 _a2
999 _c350321
_d350321